00406 2200169 4500001002100000005001500021035002000036007000300056008004100059020001800100082001100118084002100129100001500150245001900165260003600184990001600220INLIS00000000000265520260409103633 a0010-0426000113ta260409 0  a9786231892447 a297.61 a297.61 NUR s c.10 aNur Rokhim1 aSang Penggerak ayogyakarta :bDIVA Press,c2023 a2026/h/0712